| 000 | 00844cam a22002893a 4500 | ||
|---|---|---|---|
| 001 | 12901 | ||
| 003 | PGUSA | ||
| 005 | 20140828083259.0 | ||
| 008 | 040712s2004||||xxu|||||s|||||000 1 eng d | ||
| 040 |
_aPGUSA _beng |
||
| 042 | _adc | ||
| 050 | 4 | _aPQ | |
| 100 | 1 |
_aVerne, Jules, _d1828-1905 |
|
| 245 | 1 | 4 |
_aThe Moon-Voyage _h[electronic resource] / _cJules Verne |
| 260 |
_bProject Gutenberg, _c2004 |
||
| 505 | 0 | _aFrom The Earth To The Moon -- Round The Moon. | |
| 506 | _aPublic domain in the USA. | ||
| 516 | _aElectronic text | ||
| 653 | _aScience fiction | ||
| 653 | _aSpace ships -- Fiction | ||
| 653 | _aSpace flight to the moon -- Fiction | ||
| 653 | _aManned space flight -- Fiction | ||
| 653 | _aMoon -- Fiction | ||
| 830 | 0 |
_aProject Gutenberg _v12901 |
|
| 856 | 4 | 0 | _uhttp://www.gutenberg.org/ebooks/12901 |
| 942 | _cEB | ||
| 999 |
_c242156 _d242156 |
||